New Metric HandBook Planning & Design Data (Record no. 755)

000 -LEADER
fixed length control field 00288nam a2200109Ia 4500
008 - FIXED-LENGTH DATA ELEMENTS--GENERAL INFORMATION
fixed length control field 200302s9999 xx 000 0 und d
100 ## - MAIN ENTRY--PERSONAL NAME
Personal name Patricia tutt & David Adler
245 ## - TITLE STATEMENT
Title New Metric HandBook Planning & Design Data
260 ## - PUBLICATION, DISTRIBUTION, ETC.
Name of publisher, distributor, etc. Architectural Press
260 ## - PUBLICATION, DISTRIBUTION, ETC.
Date of publication, distribution, etc. 1985
300 ## - PHYSICAL DESCRIPTION
Extent 504 P.,
Holdings
Withdrawn status Lost status Damaged status Not for loan Permanent Location Current Location Date acquired Cost, normal purchase price Total Checkouts Full call number Barcode Date last seen Date last checked out Price effective from Koha item type
        BMS College of Architecture, Design and Planning BMS College of Architecture, Design and Planning 2020-03-03 852.75 1 721.0212 CL-UG30513 2023-10-20 2023-10-20 2020-03-03 UG Books from CL
Copyright © 2025, The Librarian, Library and Information Centre, BMSCA D&P, Bengaluru. All Rights Reserved
web counter

Powered by Koha